000
00228nam a2200097Ia 4500
005
20251222114410.0
008
251222s1900||||xx |||||||||||||| ||spa||
082
_a
DVD0070/A76/2004
245
0
_a
Río maldito:Mean Creek
942
_c
DVD
999
_c
1990
_d
1990